MARC details
| 000 -LEADER |
| fixed length control field |
01280nam a22002897a 4500 |
| 003 - CONTROL NUMBER IDENTIFIER |
| control field |
OSt |
| 005 - DATE AND TIME OF LATEST TRANSACTION |
| control field |
20250408093511.0 |
| 008 - FIXED-LENGTH DATA ELEMENTS--GENERAL INFORMATION |
| fixed length control field |
240911b ||||| |||| 00| 0 eng d |
| 040 ## - CATALOGING SOURCE |
| Transcribing agency |
0 |
| 082 ## - DEWEY DECIMAL CLASSIFICATION NUMBER |
| Classification number |
DPer 621.317 Ie21 December 2022 v.37 n. 12 part 1&2. |
| 100 ## - MAIN ENTRY--PERSONAL NAME |
| Personal name |
Bi, Guangdong. |
| Relator term |
author. |
| 9 (RLIN) |
60755 |
| 245 ## - TITLE STATEMENT |
| Title |
Adaptive quasi-proportional-resonant observer-based rotor position estimation for sensorless pmsm drives / |
| Statement of responsibility, etc. |
Guangdong Bi, Dawie Ding, Guoqiang Zhang, Qiwei Wang, Runze Jing, Gaolin Wang, and Dianguo Xu. |
| 260 ## - PUBLICATION, DISTRIBUTION, ETC. (IMPRINT) |
| Place of publication, distribution, etc. |
New York ; |
| Name of publisher, distributor, etc. |
The Institute of Electrical and Electronics Engineers, Inc., |
| Date of publication, distribution, etc. |
December 2022. |
| 300 ## - PHYSICAL DESCRIPTION |
| Extent |
volume 37, pages 15221-15233, |
| Other physical details |
illustration. |
| 500 ## - GENERAL NOTE |
| General note |
IEEE Transactions on Power Electronics, v. 37 n. 12, pages 15221-15233, December 2022. |
| 650 #0 - SUBJECT ADDED ENTRY--TOPICAL TERM |
| Topical term or geographic name as entry element |
high-frequency signal injection. |
| 9 (RLIN) |
66227 |
| 650 #0 - SUBJECT ADDED ENTRY--TOPICAL TERM |
| Topical term or geographic name as entry element |
online suppression. |
| 9 (RLIN) |
66228 |
| 650 #0 - SUBJECT ADDED ENTRY--TOPICAL TERM |
| Topical term or geographic name as entry element |
rotor position harmonic error. |
| 9 (RLIN) |
66229 |
| 700 ## - ADDED ENTRY--PERSONAL NAME |
| Personal name |
Bi, Guangdong. |
| Relator term |
author. |
| 9 (RLIN) |
60756 |
| 700 ## - ADDED ENTRY--PERSONAL NAME |
| Personal name |
Ding, Dawie. |
| Relator term |
author. |
| 9 (RLIN) |
60757 |
| 700 ## - ADDED ENTRY--PERSONAL NAME |
| Personal name |
Zhang, Guoqiang. |
| Relator term |
author. |
| 9 (RLIN) |
60758 |
| 700 ## - ADDED ENTRY--PERSONAL NAME |
| Personal name |
Wang, Qiwei . |
| Relator term |
author. |
| 9 (RLIN) |
60759 |
| 700 ## - ADDED ENTRY--PERSONAL NAME |
| Personal name |
Jing, Runze. |
| Relator term |
author. |
| 9 (RLIN) |
60760 |
| 700 ## - ADDED ENTRY--PERSONAL NAME |
| Personal name |
Wang, Gaolin. |
| Relator term |
author. |
| 9 (RLIN) |
60761 |
| 700 ## - ADDED ENTRY--PERSONAL NAME |
| Personal name |
Xu, Dianguo. |
| Relator term |
author. |
| 9 (RLIN) |
60762 |
| 942 ## - ADDED ENTRY ELEMENTS (KOHA) |
| Source of classification or shelving scheme |
Dewey Decimal Classification |
| Koha item type |
Periodicals |